000 00854nam a2200241 a 4500
001 39762
003 BD-RjUL
005 20211209053043.0
008 160417s2010 bg a||| b||| 00| 0 ben d
020 _a9789848882061
_c: Tk. 275.00
035 _a(BD-RjUL)39875
040 _aBD-RjUL
_bben
_cBD-RjUL
041 _aben
082 _223
_a330
_bMUA 2010
100 _aমুহাম্মদ, আনু
_9120677
245 1 0 _aঅর্থশাস্ত্র পরিচয় /
_cআনু মুহাম্মদ
260 _aঢাকা :
_bসংহতি প্রকাশনা,
_c২০১০
300 _a২০৪ পৃ. :
_bচিত্র. ;
_c২১ সেমি.
504 _aগ্রন্থপঞ্জি সংযুক্ত
650 _aঅর্থনীতি
_9122489
650 _aEconomics
_9122490
942 _2ddc
_cBK
999 _c39762
_d39762